Fortune's foot-ball: or, The adventures of Mercutio : Founded on matters of fact. A novel, in two volumes. By James Butler. Vol. I[-II].

Bibliographic Details
Main Author: Butler, James, 1755?-1842
Format: eBook
Language:English
Series:Eighteenth century collections online.
Online Access:Full text online

MARC

Tag First Indicator Second Indicator Subfields
LEADER 00000cam a2200000 4500
001 in00001922467
006 m | d |
007 cr |n||||||||n
008 820211m17971798xxu|||| s 00| | eng d
005 20260403173847.1
035 |a (CStRLIN)ESTCW20330 
040 |a MWA  |c MWA  |d Uk-ES  |d CStRLIN  |d Thomson Gale  |d UtOrBLW 
100 1 |a Butler, James,  |d 1755?-1842. 
245 1 0 |a Fortune's foot-ball: or, The adventures of Mercutio :  |b Founded on matters of fact. A novel, in two volumes. By James Butler. Vol. I[-II]. 
264 3 |a Harrisburgh, Pennsylvania :  |b Printed by John Wyeth,  |c 1797[-1798] (Entered according to law) 
300 |a 2 volumes ;  |c 12⁰. 
336 |a text  |b txt  |2 rdacontent 
337 |a computer  |b c  |2 rdamedia 
338 |a online resource  |b cr  |2 rdacarrier 
500 |a Parentheses substituted for square brackets in imprint transcription. 
500 |a Volume 1: 192 pages; volume 2: 191, [1] pages. 
500 |a Reproduction of original from the British Library. 
510 4 |a Evans,  |c 31902 
510 4 |a Evans,  |c 33481 
510 4 |a English Short Title Catalog,  |c ESTCW20330. 
533 |a Electronic reproduction.  |b Farmington Hills, Mich. :  |c Thomson Gale,  |d 2003.  |n Available via the World Wide Web.  |n Access limited by licensing agreements  |7 s2003 miunns 
500 |a Electronic resource. 
830 0 |a Eighteenth century collections online. 
856 4 0 |u http://proxy.library.tamu.edu/login?url=https://galenet.galegroup.com/servlet/ECCO?c=1&stp=Author&ste=11&af=BN&ae=W020330&tiPG=1&dd=0&dc=flc&docNum=CW109454909&vrsn=1.0&srchtp=a&d4=0.33&n=10&SU=0LRK&locID=txshracd2898  |z Full text online  |t 0 
999 |a MARS 
999 f f |s d882d3ac-7c1d-3004-91e0-39a2b9dcd107  |i c0774d65-cfae-3133-a7f1-5d22ef26abf0  |t 0 
952 f f |a Texas A&M University  |b College Station  |c Electronic Resources  |s www_evans  |d Available Online  |t 0  |h No information provided 
998 f f |t 0  |l Available Online